000 003030000a22000970004500
100 1 _aDavies, Eryl W.
245 1 0 _aA mathematical conundrum : The problem of the large numbers in Numbers 1 and 26
300 _aVol. 45, Num. 4 (Octubre, 1995), Páginas 449-469
773 0 _tVetus Testamentum
942 _cANA
999 _c58007
_d58007